| 000 | 00561nam a22002057a 4500 | ||
|---|---|---|---|
| 005 | 20231025172619.0 | ||
| 008 | 230922b |||||||| |||| 00| 0 eng d | ||
| 020 | _a8120804147 | ||
| 040 | _aMCHVL | ||
| 041 | _aEnglish | ||
| 082 |
_a181.4 _bDAS |
||
| 100 | _aDasgupta, Surendranath | ||
| 245 |
_aA history of Indian philosophy : _bVol.3 / _cSurendranath Dasgupta |
||
| 260 |
_aDelhi : _bMotilal Banarsidass, _c1975. |
||
| 300 |
_axiii, 614p. ; _c21cm. |
||
| 500 | _aIncludes index. | ||
| 650 | _aPhilosophy, Indic | ||
| 650 | _aIndia | ||
| 942 | _cBK | ||
| 999 |
_c6839 _d6839 |
||